|
|
|
|
| LEADER |
00000nam a22000005a 4500 |
| 003 |
CL-ChBUA |
| 005 |
20120815091453.0 |
| 008 |
080327s2003 sp ||||| |||| 000 ||spa |
| 020 |
|
|
|a 8482673165
|
| 040 |
|
|
|a CL-ChBUA
|c CL-ChBUA
|
| 082 |
0 |
0 |
|a 232
|
| 090 |
|
|
|c 22944
|d 22944
|
| 100 |
1 |
|
|a Wilkins, Michael J. eds.
|
| 245 |
1 |
0 |
|a Jesús bajo sospecha ;
|b una respuesta a los ataques contra el Jesús histórico
|
| 260 |
|
|
|a Barcelona
|b Clie
|c 2003
|
| 300 |
|
|
|a 319 p.
|c 23 cm.
|
| 504 |
|
|
|a Indice, bibl.
|
| 650 |
|
4 |
|a CRISTOLOGIA
|
| 700 |
1 |
|
|a Moreland, J. P.
|
| 942 |
|
|
|c LIB
|
| 952 |
|
|
|0 0
|1 0
|2 ddc
|4 0
|6 232_000000000000000_W_684
|7 0
|9 55801
|a UNACH
|b UNACH
|c 200
|d 2008-03-27
|i 45.877
|l 5
|m 2
|o 232 / W 684
|p 56887
|r 2026-04-10 10:37:51
|s 2026-04-02
|u 55801
|w 2012-08-08
|y LIB
|
| 999 |
|
|
|c 22944
|d 22944
|